01378nam a22002177a 450000500170000000800410001702000180005804000070007604100120008308200220009510000080011724500590012526000440018430000260022836500540025452007370030865000210104565000430106665000430110970000080115220240723102430.0240723b ||||| |||| 00| 0 eng d a9789356815513 cAL aEnglish 223a355.002bGKPS aGkp aStudy Guide National Defence Academy and Naval Academy aHaryanabG K Publications (p) Ltdc2024 bPBc27x21 cm.a631 p. a2488b₹876.00c₹d₹1095.00e20%f17-07-2024 aThis book is tailored for individuals preparing for the NDA/NA examination administered by the U.P.S.C for recruitment into the Indian Army, Indian Navy, and Indian Air Force. It is structured into two sections: Mathematics (Paper I) and General Ability (Paper II), encompassing English, General Knowledge, and General Science. Each chapter provides a concise theory section followed by concept-based practice questions and solved papers from exams held between 2017 and 2023. We are confident that this book will serve as a valuable asset for all NDA/NA candidates. Key Features: Abundant practice questions complemented by comprehensive theoretical explanations Detailed solutions for all questions Solved papers of the 2023 exam. aDefence Entrance aSolved Papers 2023 April and September aEntrance Examination Conducted by UPSC aGKP